<?xml version="1.0" encoding="UTF-8"?>
<record
    xmlns:xsi="http://www.w3.org/2001/XMLSchema-instance"
    xsi:schemaLocation="http://www.loc.gov/MARC21/slim http://www.loc.gov/standards/marcxml/schema/MARC21slim.xsd"
    xmlns="http://www.loc.gov/MARC21/slim">

  <leader>01197nam a2200157Ia 4500</leader>
  <controlfield tag="008">180921t1975    xxu||||| ||||o00| 0 eng d</controlfield>
  <datafield tag="041" ind1=" " ind2=" ">
    <subfield code="a">eng</subfield>
  </datafield>
  <datafield tag="245" ind1=" " ind2=" ">
    <subfield code="a">1967-68 &#xDB8;&#xDD4;&#xDAF;&#xDBD;&#xDCA; &#xDC0;&#xDBB;&#xDCA;&#xDC2;&#xDBA; &#xDC3;&#xDB3;&#xDC4;&#xDCF; &#xDC0;&#xDD2;&#xDC3;&#xDBB;&#xDCA;&#xDA2;&#xDB1; &#xD9C;&#xDD2;&#xDAB;&#xDD4;&#xDB8;&#xDCA; &#xDC3;&#xDB8;&#xDCA;&#xDB6;&#xDB1;&#xDCA;&#xDB0;&#xDBA;&#xDD9;&#xDB1;&#xDCA; &#xDC0;&#xDD4; &#xDC0;&#xDD2;&#xD9C;&#xDAB;&#xD9A;&#xDCF;&#xDB0;&#xDD2;&#xDB4;&#xDAD;&#xDD2;&#xD9C;&#xDDA; &#xDC0;&#xDCF;&#xDBB;&#xDCA;&#xDAD;&#xDCF;&#xDC0; &#xDC4;&#xDBA; &#xDC0;&#xDD0;&#xDB1;&#xDD2; &#xDB4;&#xDCF;&#xDBB;&#xDCA;&#xDBD;&#xDD2;&#xDB8;&#xDDA;&#xDB1;&#xDCA;&#xDAD;&#xDD4;&#xDC0;&#xDDA; 1969-70 &#xDB4;&#xDC3;&#xDCA;&#xDC0;&#xDD0;&#xDB1;&#xDD2; &#xDC3;&#xDD0;&#xDC3;&#xDD2;&#xDC0;&#xDCF;&#xDBB;&#xDBA;&#xDDA; &#xD85;&#xD82;&#xD9A; 46 &#xDAF;&#xDBB;&#xDAB; &#xDB4;&#xDCF;&#xDBB;&#xDCA;&#xDBD;&#xDD2;&#xDB8;&#xDDA;&#xDB1;&#xDCA;&#xDAD;&#xDD4; &#xDB4;&#xDCA;&#x200D;&#xDBB;&#xD9A;&#xDCF;&#xDC1;&#xDB1; &#xDB8;&#xDCF;&#xDBD;&#xDCF;&#xDC0;&#xDDA; &#xDB4;&#xDC5; &#xDC0;&#xDD4; &#xDBB;&#xDCF;&#xDA2;&#xDCA;&#x200D;&#xDBA; &#xD9C;&#xDD2;&#xDAB;&#xDD4;&#xDB8;&#xDCA; &#xD9A;&#xDCF;&#xDBB;&#xD9A; &#xDC3;&#xDB7;&#xDCF;&#xDC0;&#xDDA; &#xDB4;&#xDC5;&#xDB8;&#xDD4; &#xDC0;&#xDD0;&#xDB1;&#xDD2; &#xDC0;&#xDCF;&#xDBB;&#xDCA;&#xDAD;&#xDCF;&#xDC0; &#xD9C;&#xDD0;&#xDB1; &#xDB7;&#xDCF;&#xDAB;&#xDCA;&#xDA9;&#xDCF;&#xD9C;&#xDCF;&#xDBB; &#xDC3;&#xDA7;&#xDC4;&#xDB1;&#xDCA;</subfield>
  </datafield>
  <datafield tag="246" ind1=" " ind2=" ">
    <subfield code="a">1967-68 Mudal Warshaya Sadaha Wisarjana Ginum Sambandayen Wu Viganakadhipathige Varthawa Pilibadawa Hayawani Parlimenthuwe 1969-70 Paswani Sasiwarye Anka 46 Darna Parlimenthu Prakashana Malawe Pala Wu Rajjya Ginum Karaka Sabawe Palamu Wani Warthawa Gana B</subfield>
  </datafield>
  <datafield tag="260" ind1=" " ind2=" ">
    <subfield code="c">1975</subfield>
  </datafield>
  <datafield tag="300" ind1=" " ind2=" ">
    <subfield code="a">p.6-72, 27 cm</subfield>
  </datafield>
  <datafield tag="500" ind1=" " ind2=" ">
    <subfield code="a">Sessional Paper ix-1975</subfield>
  </datafield>
  <datafield tag="942" ind1=" " ind2=" ">
    <subfield code="c">BK</subfield>
  </datafield>
  <datafield tag="952" ind1=" " ind2=" ">
    <subfield code="0">0</subfield>
    <subfield code="1">0</subfield>
    <subfield code="4">0</subfield>
    <subfield code="7">0</subfield>
    <subfield code="8">GOV</subfield>
    <subfield code="a">MAIN</subfield>
    <subfield code="b">MAIN</subfield>
    <subfield code="d">2014-01-09</subfield>
    <subfield code="r">2023-06-15</subfield>
    <subfield code="w">2023-06-15</subfield>
    <subfield code="y">BK</subfield>
  </datafield>
  <datafield tag="999" ind1=" " ind2=" ">
    <subfield code="c">44040</subfield>
    <subfield code="d">44040</subfield>
  </datafield>
  <controlfield tag="003">LK-CoDNM</controlfield>
  <datafield tag="040" ind1=" " ind2=" ">
    <subfield code="a">LK-CoDNM</subfield>
    <subfield code="d">LK-CoDNM</subfield>
    <subfield code="e">LK-CoDNM</subfield>
  </datafield>
</record>
